[Event "POL-chT 2nd League"]
[Site "Jastrzebia Gora"]
[Date "2023.09.06"]
[Round "5.95"]
[White "Antoniewicz, Jakub"]
[Black "Zabron, Maksym"]
[Result "1/2-1/2"]
[WhiteElo "1950"]
[BlackElo "1993"]
[PlyCount "70"]
[EventDate "2023.09.02"]
[EventType "team-swiss"]
[EventRounds "9"]
[EventCountry "POL"]
[SourceTitle "EXT 2024"]
[Source "ChessBase"]
[SourceDate "2023.10.10"]
[SourceVersion "1"]
[SourceVersionDate "2023.10.10"]
[SourceQuality "1"]
[WhiteTeam "Wroclaw Hetman"]
[BlackTeam "Gliwice Politechnika Slaska"]
[WhiteTeamCountry "POL"]
[BlackTeamCountry "POL"]

1. d4 d5 2. Nc3 Nf6 3. Bf4 c5 4. dxc5 d4 5. Nb1 Nc6 6. Nf3 Qd5 7. e3 e5 8. Bg5 dxe3 9. Bxe3 Qxd1+ 10. Kxd1 Bg4 11. Ke1 Nd5 12. Bb5 0-0-0 13. Nbd2 Nxe3 14. fxe3 Bxc5 15. Bxc6 bxc6 16. Nxe5 Bxe3 17. Ndc4 Rhe8 18. Nxg4 Bc5+ 19. Nge3 Bxe3 20. Nxe3 Rxe3+ 21. Kf2 Re6 22. Rhd1 Rf6+ 23. Kg1 Rfd6 24. Rxd6 Rxd6 25. Rf1 f6 26. Rf2 Kd7 27. Re2 Rd1+ 28. Kf2 Kd6 29. Ke3 Ra1 30. a3 a5 31. Kd4 Rf1 32. Kc4 Rf4+ 33. Kc3 g5 34. b4 axb4+ 35. axb4 Rf1 1/2-1/2

[Event "Hradec Kralove op 11th"]
[Site "Hradec Kralove"]
[Date "2022.11.11"]
[Round "8"]
[White "Antoniewicz, Jakub"]
[Black "Portych, Vaclav"]
[Result "1-0"]
[WhiteElo "1945"]
[BlackElo "1752"]
[PlyCount "73"]
[EventDate "2022.11.05"]
[EventType "swiss"]
[EventRounds "9"]
[EventCountry "CZE"]
[SourceTitle "CBM 211 Extra"]
[Source "ChessBase"]
[SourceDate "2023.01.31"]
[SourceVersion "1"]
[SourceVersionDate "2023.01.31"]
[SourceQuality "1"]

1. d4 Nf6 2. Nc3 d5 3. Bf4 a6 4. f3 Bf5 5. g4 Bg6 6. h4 h6 7. e3 e6 8. Bd3 Bxd3 9. Qxd3 Bd6 10. Nge2 Nc6 11. 0-0-0 Qe7 12. e4 Nb4 13. Qd2 dxe4 14. fxe4 Bxf4 15. Qxf4 0-0-0 16. a3 Nc6 17. Rhf1 Rd7 18. e5 Nd5 19. Nxd5 exd5 20. h5 Kb8 21. Ng3 Nd8 22. Nf5 Qf8 23. Rf2 Ne6 24. Qe3 Qd8 25. Rdf1 Qg5 26. Qxg5 hxg5 27. Ng3 g6 28. Rxf7 Rxf7 29. Rxf7 gxh5 30. Nxh5 Nxd4 31. Rg7 Re8 32. Nf6 Rh8 33. Nxd5 Rh4 34. Rg8+ Ka7 35. Nxc7 Rxg4 36. e6 Re4 37. e7 1-0

[Event "POL-chT 2nd League"]
[Site "Jastrzebia Gora"]
[Date "2022.09.07"]
[Round "5.89"]
[White "Rybak, Tomasz"]
[Black "Antoniewicz, Jakub"]
[Result "0-1"]
[WhiteElo "2148"]
[BlackElo "1928"]
[PlyCount "72"]
[EventDate "2022.09.03"]
[EventType "team-swiss"]
[EventRounds "9"]
[EventCountry "POL"]
[SourceTitle "CBM 210 Extra"]
[Source "ChessBase"]
[SourceDate "2022.11.30"]
[SourceVersion "1"]
[SourceVersionDate "2022.11.30"]
[SourceQuality "1"]
[WhiteTeam "Gdansk Korona"]
[BlackTeam "Wroclaw Hetman"]
[WhiteTeamCountry "POL"]
[BlackTeamCountry "POL"]

1. e4 c5 2. Nf3 Nc6 3. Bb5 e5 4. 0-0 Bd6 5. c3 Nge7 6. d4 exd4 7. cxd4 cxd4 8. Nxd4 0-0 9. Nc3 a6 10. Ba4 Bc5 11. Nde2 b5 12. Bb3 Bb7 13. Bf4 d6 14. Qd2 Na5 15. Bd5 Nxd5 16. Nxd5 Nc4 17. Qc2 Bxd5 18. exd5 Qf6 19. b3 Nb6 20. Qd2 Rfe8 21. Bg3 Re4 22. a3 h6 23. Rfd1 Rae8 24. Nc3 Rd4 25. Qc2 b4 26. axb4 Bxb4 27. Ne2 Rd2 28. Rxd2 Bxd2 29. Rxa6 Rxe2 30. h3 Qd4 31. Ra2 g6 32. Kh2 Nxd5 33. Qc8+ Kh7 34. Ra8 Ne7 35. Qe8 Qf6 36. Ra6 Bf4 0-1

[Event "POL-chT 2nd League"]
[Site "Jastrzebia Gora"]
[Date "2022.09.06"]
[Round "4.118"]
[White "Antoniewicz, Jakub"]
[Black "Kwasniewski, Pawel"]
[Result "1-0"]
[WhiteElo "1928"]
[BlackElo "1632"]
[PlyCount "89"]
[EventDate "2022.09.03"]
[EventType "team-swiss"]
[EventRounds "9"]
[EventCountry "POL"]
[SourceTitle "CBM 210 Extra"]
[Source "ChessBase"]
[SourceDate "2022.11.30"]
[SourceVersion "1"]
[SourceVersionDate "2022.11.30"]
[SourceQuality "1"]
[WhiteTeam "Wroclaw Hetman"]
[BlackTeam "Gornik Ledziny"]
[WhiteTeamCountry "POL"]
[BlackTeamCountry "POL"]

1. e4 c5 2. c4 Nc6 3. Nc3 g6 4. g3 Bg7 5. Bg2 d6 6. Nge2 Nf6 7. 0-0 0-0 8. Rb1 Rb8 9. a3 a5 10. d3 e5 11. h3 Ne8 12. Nd5 Nc7 13. Nec3 Nxd5 14. Nxd5 Ne7 15. Nxe7+ Qxe7 16. b4 axb4 17. axb4 cxb4 18. Rxb4 Qc7 19. Qb3 Bd7 20. Be3 Bc6 21. f3 f6 22. f4 Rf7 23. Rf2 Bf8 24. Rb6 Ra8 25. Kh2 Be7 26. Bf3 g5 27. Ra2 Rxa2+ 28. Qxa2 Kg7 29. Bd1 Qd7 30. Qa7 Bd8 31. Rb4 Qc8 32. Qa2 Be7 33. Rb3 Rf8 34. Rb1 Qd7 35. Qa7 Rd8 36. Bb6 Re8 37. Ra1 Qc8 38. Kg1 Qb8 39. Kf2 Kf7 40. Bh5+ Kf8 41. Bxe8 Qxe8 42. Qa8 Kf7 43. Qxe8+ Kxe8 44. Ra8+ Kf7 45. Bd8 1-0

[Event "Polanica Zdroj op-A 58th"]
[Site "Polanica Zdroj"]
[Date "2022.08.17"]
[Round "5"]
[White "Antoniewicz, Jakub"]
[Black "Skrzypczynski, Kacper"]
[Result "1/2-1/2"]
[WhiteElo "1931"]
[BlackElo "1793"]
[PlyCount "135"]
[EventDate "2022.08.13"]
[EventType "swiss"]
[EventRounds "9"]
[EventCountry "POL"]
[SourceTitle "CBM 210 Extra"]
[Source "ChessBase"]
[SourceDate "2022.11.30"]
[SourceVersion "1"]
[SourceVersionDate "2022.11.30"]
[SourceQuality "1"]

1. d4 Nf6 2. Nf3 g6 3. g3 Bg7 4. Bg2 0-0 5. 0-0 d5 6. c4 c6 7. cxd5 cxd5 8. Nc3 Nc6 9. h3 Ne4 10. Bf4 Be6 11. Rc1 Nxc3 12. Rxc3 Qd7 13. Kh2 Rfc8 14. Qd2 Bf5 15. Rfc1 Be4 16. Ne5 Bxe5 17. Bxe5 Bxg2 18. Kxg2 f6 19. Bf4 e5 20. dxe5 fxe5 21. Bh6 d4 22. e4 Qe6 23. Rf3 Rc7 24. Rc5 Rf7 25. Rxf7 Qxf7 26. Rd5 Rd8 27. Rxd8+ Nxd8 28. Qa5 Nc6 29. Qd5 a5 30. Qd6 Qe7 31. Qd5+ Qf7 32. a3 a4 33. Qc5 Kh8 34. h4 Kg8 35. Qd6 Qe7 36. Qd5+ Qf7 37. Qc5 Kh8 38. Qb5 Qb3 39. Qc5 Qf7 40. Qd6 Kg8 41. Bg5 Kg7 42. h5 gxh5 43. f4 Qg6 44. Qd7+ Kf8 45. Qc8+ Qe8 46. Bh6+ Kf7 47. Qxb7+ Ne7 48. Bg5 exf4 49. gxf4 Qd8 50. f5 h6 51. Bxe7 Qxe7 52. Qd5+ Kf8 53. Qxd4 Qg5+ 54. Kf3 Qg4+ 55. Kf2 Qf4+ 56. Ke2 h4 57. Qf6+ Ke8 58. Qe6+ Kd8 59. f6 Qh2+ 60. Kd1 Qg1+ 61. Kc2 Qc5+ 62. Kd2 Qd4+ 63. Ke1 Qe3+ 64. Kd1 Qd3+ 65. Kc1 Qf1+ 66. Kc2 Qe2+ 67. Kc1 Qe1+ 68. Kc2 1/2-1/2

[Event "Wroclaw op-A"]
[Site "Wroclaw"]
[Date "2022.08.02"]
[Round "4"]
[White "Antoniewicz, Jakub"]
[Black "Grot, Blazej"]
[Result "1/2-1/2"]
[WhiteElo "1931"]
[BlackElo "1818"]
[PlyCount "77"]
[EventDate "2022.07.31"]
[EventType "swiss"]
[EventRounds "9"]
[EventCountry "POL"]
[SourceTitle "CBM 209 Extra"]
[Source "ChessBase"]
[SourceDate "2022.09.30"]
[SourceVersion "1"]
[SourceVersionDate "2022.09.30"]
[SourceQuality "1"]

1. d4 Nf6 2. Nc3 d5 3. Bf4 Bf5 4. e3 e6 5. f3 a6 6. g4 Bg6 7. h4 h6 8. Bd3 Bxd3 9. Qxd3 c5 10. Nge2 Nc6 11. 0-0-0 c4 12. Qd2 b5 13. Nb1 b4 14. Ng3 c3 15. Qd3 cxb2+ 16. Kxb2 Bd6 17. g5 Bxf4 18. exf4 Nd7 19. f5 Nf8 20. Nh5 Rg8 21. f4 hxg5 22. hxg5 Qd7 23. Rhe1 Kd8 24. Ng3 exf5 25. Qxf5 Qxf5 26. Nxf5 Ng6 27. Nd6 Nxf4 28. Nxf7+ Kd7 29. Ne5+ Nxe5 30. Rxe5 Rae8 31. Rde1 Rxe5 32. Rxe5 Kd6 33. Nd2 Ne6 34. c4 dxc4 35. Nxc4+ Kd7 36. Nb6+ Kd6 37. Nc4+ Kd7 38. Nb6+ Kd6 39. Nc4+ 1/2-1/2

[Event "Wroclaw op-A"]
[Site "Wroclaw"]
[Date "2022.07.31"]
[Round "1"]
[White "Sernecki, Franciszek"]
[Black "Antoniewicz, Jakub"]
[Result "1-0"]
[WhiteElo "2261"]
[BlackElo "1931"]
[PlyCount "83"]
[EventDate "2022.07.31"]
[EventType "swiss"]
[EventRounds "9"]
[EventCountry "POL"]
[SourceTitle "CBM 209 Extra"]
[Source "ChessBase"]
[SourceDate "2022.09.30"]
[SourceVersion "1"]
[SourceVersionDate "2022.09.30"]
[SourceQuality "1"]

1. d4 f5 2. Bg5 h6 3. Bh4 g5 4. e4 Nf6 5. e5 e6 6. Bg3 f4 7. Be2 Bg7 8. exf6 Qxf6 9. Bh5+ Kd8 10. Nf3 Nc6 11. c3 a5 12. 0-0 d6 13. Nbd2 Bd7 14. Qb3 Kc8 15. Rae1 Qf5 16. h3 fxg3 17. fxg3 Qd3 18. a4 Ra6 19. Qb5 Qc2 20. Rc1 Qh7 21. Qc4 Ne7 22. Rfe1 Rf8 23. Kh2 Kb8 24. b3 Nd5 25. Ne4 Rc6 26. Qe2 Rb6 27. Nfd2 e5 28. dxe5 Bxe5 29. Nc4 Ra6 30. Nxe5 dxe5 31. Nc5 Rd6 32. Nxd7+ Qxd7 33. Qxe5 Rff6 34. Bg4 Qf7 35. Bf3 c6 36. Rcd1 Rfe6 37. Qh8+ Ka7 38. Rxe6 Rxe6 39. Bxd5 cxd5 40. Rxd5 Qc7 41. Qd4+ Ka6 42. b4 1-0

[Event "Poronin Tatra Limba op"]
[Site "Poronin"]
[Date "2021.05.26"]
[Round "6"]
[White "Dziewonski, Dariusz"]
[Black "Antoniewicz, Jakub"]
[Result "1/2-1/2"]
[WhiteElo "1983"]
[BlackElo "1864"]
[PlyCount "81"]
[EventDate "2021.05.22"]
[EventType "swiss"]
[EventRounds "9"]
[EventCountry "POL"]
[SourceTitle "EXT 2022"]
[Source "ChessBase"]
[SourceDate "2021.10.06"]
[SourceVersion "1"]
[SourceVersionDate "2021.10.06"]
[SourceQuality "1"]

1. e4 c5 2. Nf3 Nc6 3. Nc3 e5 4. Bc4 d6 5. d3 Be7 6. Nd2 Nf6 7. Nf1 0-0 8. Ne3 Be6 9. 0-0 Qd7 10. Bd2 Nd4 11. Ncd5 b5 12. Nxf6+ Bxf6 13. Bd5 Rab8 14. c3 Nc6 15. a4 b4 16. Bxc6 Qxc6 17. c4 Qd7 18. b3 g6 19. Rb1 Bg7 20. Kh1 f5 21. exf5 Bxf5 22. Nxf5 Rxf5 23. Qg4 Qf7 24. f3 h5 25. Qe4 Rf8 26. Rfe1 Kh7 27. Qc6 Qf6 28. Kg1 Bh6 29. Be3 Rf7 30. Bxh6 Kxh6 31. Qe4 Rf4 32. Qe2 Qg5 33. Rf1 h4 34. h3 R7f5 35. Rbe1 Qg3 36. Kh1 Rg5 37. Qf2 Rgf5 38. Qxg3 hxg3 39. Re4 a5 40. Rfe1 g5 41. Kg1 1/2-1/2

[Event "Pardubice Czech op-E 31st"]
[Site "Pardubice"]
[Date "2020.09.20"]
[Round "6.2"]
[White "Zeman, Matyas"]
[Black "Antoniewicz, Jakub"]
[Result "1-0"]
[WhiteElo "2250"]
[BlackElo "1819"]
[PlyCount "109"]
[EventDate "2020.09.17"]
[EventType "team-swiss"]
[EventRounds "7"]
[EventCountry "CZE"]
[SourceTitle "CBM 198 Extra"]
[Source "ChessBase"]
[SourceDate "2020.11.30"]
[SourceVersion "1"]
[SourceVersionDate "2020.11.30"]
[SourceQuality "1"]
[WhiteTeam "Brno Moravska Slavia"]
[BlackTeam "Wroclaw Hetman"]
[WhiteTeamCountry "CZE"]
[BlackTeamCountry "POL"]

1. d4 f5 2. g4 fxg4 3. h3 g3 4. fxg3 d5 5. Bf4 Bf5 6. Nf3 e6 7. e3 Nf6 8. Nbd2 c5 9. c3 Nc6 10. Bg2 Be7 11. g4 Be4 12. 0-0 0-0 13. Nxe4 Nxe4 14. Nd2 Nxd2 15. Qxd2 Qb6 16. Kh1 Rad8 17. Rad1 a5 18. Qc2 Kh8 19. a4 Rc8 20. Qe2 Rcd8 21. Qb5 Qa6 22. Bg3 Rxf1+ 23. Rxf1 Kg8 24. h4 Rf8 25. Rxf8+ Kxf8 26. Qxa6 bxa6 27. Bf1 Kf7 28. Bxa6 c4 29. e4 Bd8 30. Bb7 Ne7 31. h5 dxe4 32. Bxe4 Nd5 33. Bxh7 Ne3 34. Bg6+ Kf8 35. Bd6+ Kg8 36. Bf4 Nd1 37. Bc1 Nf2+ 38. Kg2 Nxg4 39. Kf3 Nf6 40. Bg5 Kf8 41. Bb1 Bc7 42. h6 Kg8 43. Ba2 Nd5 44. Bxc4 gxh6 45. Bxh6 Kh7 46. Bxd5 Kxh6 47. Bxe6 Kg6 48. b4 Kf6 49. Bc4 axb4 50. cxb4 Bd6 51. a5 Bc7 52. Ke4 Ke7 53. Kd5 Kd7 54. Bb5+ Kc8 55. Kc6 1-0

[Event "Rubinstein Memorial-A 54th"]
[Site "Polanica Zdroj"]
[Date "2018.08.24"]
[Round "7"]
[White "Konieczynski, Piotr"]
[Black "Antoniewicz, Jakub"]
[Result "1-0"]
[WhiteElo "1897"]
[BlackElo "1769"]
[PlyCount "99"]
[EventDate "2018.08.18"]
[EventType "swiss"]
[EventRounds "9"]
[EventCountry "POL"]
[SourceTitle "CBM 186 Extra"]
[Source "ChessBase"]
[SourceDate "2018.08.24"]
[SourceVersion "1"]
[SourceVersionDate "2018.08.24"]
[SourceQuality "1"]

1. d4 f5 2. Nf3 Nf6 3. c4 e6 4. Nc3 d5 5. Bg5 Be7 6. e3 0-0 7. Bd3 h6 8. Bxf6 Bxf6 9. Qc2 Nc6 10. a3 f4 11. cxd5 Ne7 12. e4 g5 13. dxe6 g4 14. e5 Bg7 15. Nh4 Qxd4 16. 0-0-0 Qxe5 17. Bc4 Qg5 18. Ng6 Re8 19. Nxe7+ Qxe7 20. Nd5 Qc5 21. Nf6+ Bxf6 22. Qg6+ Bg7 23. Qxe8+ Kh7 24. Qb5 Qxb5 25. Bxb5 Bxe6 26. Bd7 Bb3 27. Bf5+ Kg8 28. Rd7 Re8 29. Bxg4 Be5 30. Bh5 Rf8 31. Bf3 Ba4 32. Rd5 Bd6 33. Ra5 Bd7 34. Bxb7 Rb8 35. Rxa7 Kg7 36. Rd1 Kf6 37. Bf3 Bf5 38. Rb7 Re8 39. h3 Re5 40. b4 Re8 41. a4 Be5 42. a5 Bc8 43. a6 Re6 44. Rd8 Bxb7 45. Bxb7 f3 46. a7 c6 47. Rf8+ Kg7 48. a8Q fxg2 49. Rg8+ Kh7 50. Rxg2 1-0

[Event "Rubinstein Memorial-A 54th"]
[Site "Polanica Zdroj"]
[Date "2018.08.22"]
[Round "5"]
[White "Mirski, Michal"]
[Black "Antoniewicz, Jakub"]
[Result "0-1"]
[WhiteElo "1981"]
[BlackElo "1769"]
[PlyCount "48"]
[EventDate "2018.08.18"]
[EventType "swiss"]
[EventRounds "9"]
[EventCountry "POL"]
[SourceTitle "CBM 186 Extra"]
[Source "ChessBase"]
[SourceDate "2018.08.24"]
[SourceVersion "1"]
[SourceVersionDate "2018.08.24"]
[SourceQuality "1"]

1. e4 g6 2. d4 d6 3. Nc3 Bg7 4. f4 Nf6 5. Nf3 c5 6. dxc5 Qa5 7. Bd2 Qxc5 8. Bd3 0-0 9. Qe2 a6 10. 0-0-0 Bg4 11. h3 Bxf3 12. Qxf3 Nc6 13. Be3 Qa5 14. Qf2 Nd7 15. Bd2 Nc5 16. a3 Nb4 17. Kb1 Nbxd3 18. cxd3 Nxd3 19. Qf3 Nc5 20. b4 Qxa3 21. bxc5 Qb3+ 22. Kc1 Rfc8 23. e5 Rxc5 24. Rhe1 Rac8 0-1

[Event "Wroclaw op"]
[Site "Wroclaw"]
[Date "2018.08.01"]
[Round "4"]
[White "Antoniewicz, Jakub"]
[Black "Jagodzinski, Piotr"]
[Result "1-0"]
[WhiteElo "1767"]
[BlackElo "2226"]
[PlyCount "85"]
[EventDate "2018.07.30"]
[EventType "swiss"]
[EventRounds "9"]
[EventCountry "POL"]
[SourceTitle "CBM 185 Extra"]
[Source "ChessBase"]
[SourceDate "2018.07.29"]
[SourceVersion "1"]
[SourceVersionDate "2018.07.29"]
[SourceQuality "1"]

1. d4 Nf6 2. g3 e6 3. Bg2 c5 4. e3 Nc6 5. Nf3 Qa5+ 6. Bd2 Qb6 7. Bc3 Ne4 8. Nbd2 Nxc3 9. bxc3 d5 10. 0-0 Be7 11. c4 cxd4 12. cxd5 exd5 13. Rb1 Qc7 14. Nxd4 Nxd4 15. exd4 Be6 16. c4 0-0 17. cxd5 Bf5 18. d6 Qxd6 19. Rxb7 Bf6 20. Nb3 a6 21. Qf3 Be6 22. Rd1 Rad8 23. Qc6 Qa3 24. Qc2 Bg4 25. Qc1 Qxa2 26. Rd2 Bg5 27. f4 Qxd2 28. Qxd2 Bf6 29. h3 Be6 30. d5 Bc8 31. Rc7 Rfe8 32. Nd4 Bxh3 33. Nc6 Rd7 34. Rxd7 Bxd7 35. Kf2 h5 36. Bf3 g6 37. Qd3 a5 38. Nxa5 Rb8 39. Nc4 Kg7 40. Ne5 Rb2+ 41. Ke3 Ba4 42. Bd1 Bd8 43. Nc4 1-0

[Event "Wroclaw op-B 6th"]
[Site "Wroclaw"]
[Date "2011.07.07"]
[Round "6"]
[White "Antoniewicz, Jakub"]
[Black "Daniel, Damian"]
[Result "1/2-1/2"]
[WhiteElo "1794"]
[BlackElo "1745"]
[PlyCount "62"]
[EventDate "2011.07.04"]
[EventType "swiss"]
[EventRounds "9"]
[EventCountry "POL"]
[SourceTitle "EXT 2023"]
[Source "ChessBase"]
[SourceDate "2022.10.05"]
[SourceVersion "1"]
[SourceVersionDate "2022.10.05"]
[SourceQuality "1"]

1. c4 f5 2. Nc3 Nf6 3. g3 g6 4. Bg2 Bg7 5. d4 0-0 6. Nf3 d6 7. 0-0 c6 8. Qc2 Na6 9. a3 Nc7 10. Bg5 h6 11. Bxf6 Bxf6 12. e4 e5 13. Rad1 Qe7 14. dxe5 dxe5 15. Qd2 Kg7 16. Rfe1 Re8 17. b4 Be6 18. exf5 Bxf5 19. Ne4 Bxe4 20. Rxe4 Rad8 21. Qe2 Rxd1+ 22. Qxd1 a5 23. Qb1 axb4 24. axb4 Qd6 25. Bf1 Ne6 26. Rg4 Ng5 27. Nxg5 Bxg5 28. h4 Bd2 29. Bd3 g5 30. c5 Qd7 31. Bf5 Qd5 1/2-1/2

[Event "Wroclaw op-B 6th"]
[Site "Wroclaw"]
[Date "2011.07.05"]
[Round "3"]
[White "Wolska, Marta"]
[Black "Antoniewicz, Jakub"]
[Result "1/2-1/2"]
[WhiteElo "1625"]
[BlackElo "1794"]
[PlyCount "136"]
[EventDate "2011.07.04"]
[EventType "swiss"]
[EventRounds "9"]
[EventCountry "POL"]
[SourceTitle "EXT 2023"]
[Source "ChessBase"]
[SourceDate "2022.10.05"]
[SourceVersion "1"]
[SourceVersionDate "2022.10.05"]
[SourceQuality "1"]

1. d4 e6 2. c4 f5 3. Nc3 d5 4. cxd5 exd5 5. Nf3 Nf6 6. Bg5 Be7 7. e3 0-0 8. Be2 c6 9. 0-0 Ne4 10. Bxe7 Qxe7 11. Rc1 Bd7 12. a3 Be8 13. b4 Bh5 14. Ne5 Bxe2 15. Qxe2 Nxc3 16. Rxc3 Nd7 17. Nxd7 Qxd7 18. Rfc1 f4 19. f3 Rae8 20. Qd2 fxe3 21. Rxe3 Rxe3 22. Qxe3 Re8 23. Qd2 Qe7 24. Kf2 Qh4+ 25. Kg1 Qf6 26. Rc3 Qe7 27. Kf1 h6 28. g3 Qe6 29. g4 Rf8 30. Kg2 Re8 31. Kf2 Rf8 32. Kg2 Re8 33. Kf2 Qd6 34. Kg2 Qe7 35. Kf1 Kh7 36. Qf2 Qg5 37. h4 Qf4 38. Qc2+ g6 39. h5 Re6 40. hxg6+ Rxg6 41. Qf2 Re6 42. Qc2+ Kg7 43. Qf2 Kf7 44. Kg2 Ke7 45. Qh4+ Kd7 46. Qf2 Qg5 47. Qc2 Qe7 48. Qf5 Kd8 49. Qf4 Kc8 50. Qf5 Kd8 51. Qf4 Re2+ 52. Kg3 Kc8 53. Qxh6 Re1 54. Qh8+ Kc7 55. Rc2 Rg1+ 56. Kh2 Rf1 57. Kg2 Re1 58. Qh2+ Kb6 59. Qg3 Re3 60. Ra2 Kb5 61. Qf2 Re1 62. Qd2 Qh4 63. a4+ Kb6 64. a5+ Kc7 65. Qf4+ Kd7 66. Qf7+ Kd8 67. Qg8+ Ke7 68. Qg7+ Kd8 1/2-1/2

[Event "Wroclaw op-B 6th"]
[Site "Wroclaw"]
[Date "2011.07.04"]
[Round "1"]
[White "Siekanowicz, Agnieszka"]
[Black "Antoniewicz, Jakub"]
[Result "0-1"]
[WhiteElo "1514"]
[BlackElo "1794"]
[PlyCount "64"]
[EventDate "2011.07.04"]
[EventType "swiss"]
[EventRounds "9"]
[EventCountry "POL"]
[SourceTitle "EXT 2023"]
[Source "ChessBase"]
[SourceDate "2022.10.05"]
[SourceVersion "1"]
[SourceVersionDate "2022.10.05"]
[SourceQuality "1"]

1. e4 c5 2. Nf3 d6 3. Nc3 Nf6 4. d4 cxd4 5. Nxd4 a6 6. Be3 e5 7. Nf3 Be6 8. Ng5 Be7 9. Nxe6 fxe6 10. Bc4 Qd7 11. Bb3 Nc6 12. a3 b5 13. 0-0 Na5 14. Ba2 0-0 15. Qd3 Rac8 16. Rad1 Nc4 17. Bxc4 bxc4 18. Qd2 Qc6 19. f3 Rb8 20. Rb1 d5 21. exd5 exd5 22. Bg5 Bc5+ 23. Kh1 d4 24. Ne2 Nd5 25. Rfe1 h6 26. Bh4 Ne3 27. Bf2 Nxg2 28. Rg1 Nf4 29. Nxf4 Rxf4 30. Rg3 Rxf3 31. Rxf3 Qxf3+ 32. Kg1 Rb6 0-1